| 000 | 00659nam a2200229 a 4500 | ||
|---|---|---|---|
| 001 | 44732 | ||
| 003 | BD-RjUL | ||
| 005 | 20211209053916.0 | ||
| 008 | 830301s1959 enk 001 0 eng d | ||
| 035 | _a(BD-RjUL)44850 | ||
| 035 | _a676837 | ||
| 040 |
_aVCAV _beng _cVCAV _dXNTU _dBD-RjUL |
||
| 041 | _aeng | ||
| 082 | 0 | 4 |
_219 _a338.5212 _bHIR 1959 |
| 100 | 1 |
_aHicks, John, _d1904- _9137152 |
|
| 245 | 1 | 2 |
_aA revision of demand theory / _cby J.R. Hicks. |
| 260 |
_aOxford : _bClarendon Press, _c1959. |
||
| 300 |
_a196 p. ; _c19cm. |
||
| 500 | _aIncludes bibliographical references and index. | ||
| 650 | 0 |
_aDemand (Economic theory) _9131547 |
|
| 942 |
_2ddc _cBK |
||
| 999 |
_c44732 _d44732 |
||